000 00950njm a2200301Ia 4500
001 27396
003 IT-RoPAU
005 20220918181154.0
008 131025s9999 xx 000 0 und d
040 _aIT-RoPAU
040 _cIT-RoPAU
041 _aITALIANO
999 _c102395
_d102395
999 _bn.d.
100 _aDi Mario Angelo
_9853
100 _eAutore musica
_917918
100 _gCodice autore musica SPICS: 10868
_9855
245 _aFango e miele-Ragazzo domani
250 _a1a ed.
260 _aALBANO
260 _bEP - MUSICALI E DISCOGRAFICHE
300 _aDISCO
500 _aMusica giovanile. Disco 45 giri
505 _aFango e miele - Ragazzo domani (testo di Sandra Milo)
511 _aComplesso Ragazzi alla Ribalta. Canta Mauro Ingafù
650 _aCANTI GIOVANILI [DISCHI]
_eCodice MATERIA SPICS: 9950
_917919
700 _aTombolato Pino
_eAutore testo e musica
_gCodice autore testo/musica SPICS: 10145
_917920
942 _cMD
_2ddc